Margot Loyola por el mundo: memorias de viaje.

Saved in:
Bibliografiske detaljer
Format: Bog
Sprog:spansk
Udgivet: Santiago, Chile Raíces 1989
Udgivelse:Primera edición
Fag:
Tags: Tilføj Tag
Ingen Tags, Vær først til at tagge denne postø!

MARC

LEADER 00000nam a2200000 a 4500
001 UCN6001
003 CL-VaPUC
005 20230118134638.0
008 010913e19890800CL |||||||||||||||||spa|d
999 |c 297094  |d 297092 
040 |c Pontificia Universidad Católica de Valparaíso 
082 0 4 |a 398.09 MAR 1989  |2 21 
245 1 0 |a Margot Loyola por el mundo: memorias de viaje. 
250 |a Primera edición 
260 0 3 |a Santiago, Chile  |b Raíces  |c 1989 
300 |a 40 páginas 
500 |a Material complementario del cassette Margot Loyola por el mundo: memorias de viaje 
500 |a Este libro contiene 20 impresiones de viaje de Margot Loyola, registradas en 12 países entre los años 1951 y 1988 
583 |a last modification  |c 20130911 11:56:46  |k Rodrigo Vera 
600 0 |a Loyola Palacios, Margot  |d 1918-2015  |9 614855 
650 0 |a Folklore chileno  |9 265536 
650 0 |a Biografías  |9 255210 
650 7 |a EPISTOLARIO  |2 CL-VaPUC  |9 321776 
650 0 |a Académicos   |x Pontificia Universidad Católica de Valparaíso (PUCV)  |9 255553 
650 0 |a Archivo histórico PUCV  |9 255554 
942 |c BK  |2 ddc 
945 |d 20010913 00:00:00  |a vberengu 
952 |0 0  |1 0  |2 ddc  |4 0  |6 398_090000000000000_MAR_1989  |7 0  |8 X  |9 351526  |a FDOMLP  |b FDOMLP  |d 2019-11-21  |i 3752801  |o 398.09 MAR 1989  |p 3752801  |r 2019-11-21  |t 2  |w 2019-11-21  |y BK_X  |k BU2 
952 |0 0  |1 0  |2 ddc  |4 0  |6 398_090000000000000_MAR_1989  |7 0  |8 X  |9 351527  |a FDOMLP  |b FDOMLP  |d 2019-11-21  |i 375281K  |o 398.09 MAR 1989  |p 375281K  |r 2019-11-21  |t 3  |w 2019-11-21  |y BK_X  |k BU2 
952 |0 0  |1 0  |2 ddc  |4 0  |6 398_090000000000000_MAR_1989  |7 0  |8 X  |9 351528  |a FDOBUD  |b FDOBUD  |d 2019-11-21  |i 1083082  |o 398.09 MAR 1989  |p 1083082  |r 2019-11-21  |t 1  |w 2019-11-21  |y BK_X  |k BUD